| 000 | 00599nam a2200181 a 4500 | ||
|---|---|---|---|
| 005 | 20140412111222.0 | ||
| 008 | 010131s19uu xx 00 eng d | ||
| 020 | _a971-121-010-x | ||
| 050 |
_aFil E _bAp1 1980 |
||
| 100 | _aAgulto, Tomas F. | ||
| 245 |
_aBahay-Bahayan ng apat na munting karpentero / _cIdea ni Tomas F. Agulto; guhit ni Fidelito Manto. |
||
| 260 |
_aQC, MM: _bChildren Comm. Center, _c1980. |
||
| 300 | _a1 v. (unpaged): ill. | ||
| 440 | _aAklat Adarna, Karanasan | ||
| 650 |
_aFour(the numbers); _xNumber Concept |
||
| 650 | _aSilmulation games in education | ||
| 999 |
_c101953 _d101953 |
||